000 00356nam a22001337a 4500
020 _a978-93-89067-40-8
082 _a800
_bOSW/C
100 _aOSWALL BOOKS
245 _aCBSE QUESTION BANK SOLVED PAPERS ENGLISH LANG. & LIT
_bCLASS X
260 _aAGRA
_bOSWAAL BOOKS
_c2012
300 _a288
650 _aENGLISH SOLVED PAPERS FOR CLASS X
_zINDIA
942 _cBK
999 _c831
_d831